000
00206 a2200097 4500
001
1992
100
_a
Besserer,CW
245
_a
Missile Engineering handbook
260
_a
_b
Nostrand
_c
090
_c
1476
_d
1476
942
_a
NUST-CAE
_c
M
_c
5291
999
_c
237065
_d
237065